00380nam a2200145Ia 4500008004100000040001900041041001200060082002900072100001900101245003000120260003300150300002100183650002000204850001000224131103s9999 xx 000 0 und d aLoreto College aEnglish a891.433/RAGbLCLIB/26307 aRaghab,Rangeya aProfessorcRangeya Raghab aDelhibRajpal and Sonsc1976 a112 p. c 18 cm. aHindi - Fiction aLCLIB